The Weeknd - One Of The Girls: All lyrics - Statistics

General Stats
  • This quiz has been taken 542 times
  • The average score is 245 of 319
Answer Stats
Answer % Correct
me
97%
of
97%
be
96%
i
96%
I
96%
the
96%
to
96%
you
96%
You
96%
a
95%
just
94%
and
93%
And
93%
when
92%
on
91%
out
91%
your
91%
no
90%
girls
89%
my
88%
My
88%
love
87%
Love
87%
one
87%
Tonight
87%
key
86%
Lock
85%
wanna
85%
throw
84%
up
84%
away
82%
best
82%
don't
82%
in
79%
get
77%
for
75%
He
74%
We
74%
gotta
73%
how
72%
down
70%
Give
70%
life
70%
it
69%
see
68%
whole
68%
choke
66%
knows
65%
pass
65%
force
64%
Force
64%
I'm
64%
i'm
64%
not
63%
Push
63%
push
63%
tough
63%
with
63%
world
63%
come
61%
till
61%
hold
60%
Tell
60%
tell
60%
that
58%
kinda
57%
nothin'
57%
can
55%
Leave
55%
nobody
55%
you're
55%
broke
53%
control
53%
mouth
53%
Spit
53%
Trade
52%
baby
50%
while
50%
break
48%
'Cause
48%
inside
48%
So
48%
can't
47%
feel
47%
skin
47%
submissive
47%
take
47%
say
45%
loyal
43%
pain
43%
light
42%
turn
42%
own
40%
screamin'
40%
without
40%
They
39%
flinchin'
37%
neck
36%
Hands
35%
secret
32%
keep
31%
but
30%
free
26%
It's
26%
it's
26%
peace
24%
keys
23%
Until
23%
still
22%
find
21%
never
21%
Top
20%
snuff
17%
gone
13%
Dim
8%
such
5%
Brace
4%
No matching quizzes found
Score Distribution
Percent of People with Each Score
Percentile by Number Answered
Your Score History
You have not taken this quiz